000 00938nam a2200217Ia 4500
999 _c40081
_d40081
001 6687
003 GE_BSU
005 20190513184536.0
008 181216s1963||||ge |||||||||||||| ||geo||
040 _cGE_BSU
041 _ageo
080 _a656.1 მ-46
100 _aმეძმარიაშვილი, გ.
_91079
245 _aსაავტომობილო ტრანსპორტის ექსპლუატაცია წიგნი I. :
_bსახელმძღვ. /
_cგ. მეძმარიაშვილი ; რედ. გ. რაზმაძე.
264 _aთბილისი :
_bცოდნა,
_c1963.
300 _a256 გვ. :
_bილ.;
_c22 სმ.
504 _aბიბლიოგრ. : გვ.254.
653 _aსაავტომობილო ტრანსპორტი
700 _aრაზმაძე, გ.
_eრედაქტორი
_91080
942 _cBK
_2udc